000 00273nam a2200097Ia 4500
001 654001
005 20250826154509.0
008 250824s9999 xx 000 0 und d
245 0 _aPONYFEE VE GÖKKUŞAĞININ SONUNA YOLCULUK
_cBARBARA ZOSCHKE
260 _bMARTI ÇOCUK YAYINLARI
999 _c654001
_d654001